LEADER 00998nam0 22002651i 450 001 UON00198991 005 20231205103244.707 100 $a20030730d1987 |0itac50 ba 101 $arus 102 $aSU 105 $a|||| ||||| 200 1 $aˆ"‰Ljublju bol'?ie plany"$echudo?nik Aleksandr Dejneka$fI. Nenarokomova 210 $aMoskva$cSovetskij chudo?nik$d1987 215 $a207 p.$ctav.$d16 cm. 606 $aDEJNEKA ALEKSANDR$3UONC041462$2FI 620 $aRU$dMoskva$3UONL003152 676 $a709.47$cArte. Russia$v21 700 1$aNENAROKOMOVA$bIrina S.$3UONV118565$0679669 712 $aSovetskij chudo?nik$3UONV266049$4650 801 $aIT$bSOL$c20241213$gRICA 899 $aSIBA - SISTEMA BIBLIOTECARIO DI ATENEO$2UONSI 912 $aUON00198991 950 $aSIBA - SISTEMA BIBLIOTECARIO DI ATENEO$dSI AR DUOMO X F 0009 $eSI EO 19540 5 0009 996 $aLjublju bol'sie plany"$91253092 997 $aUNIOR LEADER 01866nam0 22003491i 450 001 UON00035693 005 20231205102121.779 010 $a37-00-12749-9 100 $a20020107d1998 |0itac50 ba 101 $aeng 102 $aAT 105 $a|||| 1|||| 200 1 $aˆThe ‰Inner Asian International Style, 12th-14th centuries$ePapers presented at a Panel of the 7th Seminar of the International Association for Tibetan Studies Graz 1995$fedited by Deborah E. Klimburg-Salter and Eva Allinger 210 $aWien$cOsterreichischen Akademie der Wissenschaften$d1998 215 $a169 p.$cill.$d28 cm 312 $a7$9UON00369935 316 $aFatt. 36714 21.10.98$5IT-UONSI TIBGENE I/004 (7) 410 1$1001UON00001130$12001 $aBeitrage zur Kultur- und Geistesgeschichte Asiens$fOsterreichische Akademie der Wissenschaften$v25 410 1$1001UON00027194$12001 $aÖsterreichische Akademie der Wissenschaften. Philosophisch-Historische Klasse. Denkschriften$v267 500 0$3UON00369935$aSeminar of the International Association for Tibetan Studies <7. 1995. Graz>$958020 606 $aTibetologia$xCongressi$3UONC003233$2FI 620 $aAT$dWien$3UONL003140 686 $aTIB GEN E I$cTIBET - CONGRESSI - GENERALIA$2A 702 1$aALLINGER$bEva$3UONV023952 702 1$aKLIMBURG-SALTER$bDeborah E.$3UONV004014 712 $aÖsterreichische Akademie der Wissenschaften$3UONV248181$4650 801 $aIT$bSOL$c20260403$gRICA 899 $aSIBA - SISTEMA BIBLIOTECARIO DI ATENEO E ARCHIVIO STORICO$2UONSI 912 $aUON00035693 950 $aSIBA - SISTEMA BIBLIOTECARIO DI ATENEO E ARCHIVIO STORICO$dSI TIB GEN E I 004 (7) $eSI SA 89218 7 004 (7) Fatt. 36714 21.10.98 996 $aSeminar of the International Association for Tibetan Studies$958020 997 $aUNIOR